| 000 | 00381pam a2200145a 44500 | ||
|---|---|---|---|
| 008 | 230405s1996 xxu||||| |||| 00| 0 eng d | ||
| 041 | _aENG | ||
| 100 | _aPHADAKE R F | ||
| 245 | _aBHARATIY MDHAMASHA ANI MADHMASHA PALAN | ||
| 250 | _a2 Ed. | ||
| 260 |
_aDHHANKAWADI _bYASHODA SANAT SAHAKARI SO _c1996 |
||
| 300 | _a220p. | ||
| 440 | _aUNIVERSAL BOOK STOLL, PUNE | ||
| 906 | _a970 | ||
| 999 |
_c289848 _d289848 |
||